<?xml version="1.0" encoding="UTF-8"?>
<marc:record xmlns:marc="http://www.loc.gov/MARC21/slim">
   <marc:leader>00000nam a2200000 a 4500</marc:leader>
   <marc:datafield ind1="1" ind2=" " tag="100">
      <marc:subfield code="a">Dutzler, Herbert</marc:subfield>
      <marc:subfield code="4">aut</marc:subfield>
      <marc:subfield code="e">Verfasser/-in</marc:subfield>
   </marc:datafield>
   <marc:datafield ind1="0" ind2="0" tag="245">
      <marc:subfield code="a">Letzter Fasching</marc:subfield>
   </marc:datafield>
   <marc:datafield ind1="0" ind2="0" tag="245">
      <marc:subfield code="b">Ein Altaussee-Krimi</marc:subfield>
   </marc:datafield>
   <marc:datafield ind1="0" ind2="0" tag="245">
      <marc:subfield code="c">Herbert Dutzler</marc:subfield>
   </marc:datafield>
   <marc:datafield ind1=" " ind2="1" tag="264">
      <marc:subfield code="b">Haymon</marc:subfield>
      <marc:subfield code="c">2017</marc:subfield>
   </marc:datafield>
   <marc:datafield ind1="1" ind2=" " tag="520">
      <marc:subfield code="a">AUSNAHMEZUSTAND IM AUSSEERLAND: DIE "MASCHKERA" SIND LOS!Der alljährliche FASCHINGSUMZUG in BAD AUSSEE steht vor der Tür und alle sind voller Vorfreude. Doch die freudige Stimmung in der KURSTADT ist getrübt: Eine MORDDROHUNG, die im Ausseer FASCHINGSKOMITEE eingelangt ist, sorgt für Besorgnis unter den FASCHINGSWÜTIGEN. Ein TROMMELWEIB soll mit dem Leben büßen! Um einem möglichen Anschlag vorzubeugen, wird INSPEKTOR FRANZ GASPERLMAIER zur verdeckten ERMITTLUNG eingeteilt. Er soll, GETARNT als eines der traditionellen Trommelweiber, unerkannt beim UMZUG mitmarschieren. Doch aller Vorsicht zum Trotz enden die Faschingsfeierlichkeiten bereits kurz nach Beginn - mit einem GRAUSAMEN MORD! Der Koch eines RENOMMIERTEN BIO-HOTELS aus der Umgebung wird erstochen aufgefunden. Bald schon stellt sich heraus, dass das Mordopfer in KRUMME GESCHÄFTE und DUBIOSE MACHENSCHAFTEN verwickelt war. Die Liste der Tatverdächtigen scheint immer länger zu werden ...</marc:subfield>
   </marc:datafield>
   <marc:datafield ind1=" " ind2=" " tag="020">
      <marc:subfield code="a">9783709978733</marc:subfield>
      <marc:subfield code="9">9783709978733</marc:subfield>
   </marc:datafield>
   <marc:datafield ind1=" " ind2=" " tag="020">
      <marc:subfield code="a">3709978734</marc:subfield>
      <marc:subfield code="9">3709978734</marc:subfield>
   </marc:datafield>
   <marc:datafield ind1="0" ind2=" " tag="490">
      <marc:subfield code="v">6.</marc:subfield>
   </marc:datafield>
</marc:record>
